[Event "29. Torneo San Viator 2017 - Torneo B"]
[Site "Madrid ESP"]
[Date "2017.10.22"]
[Round "5.44"]
[White "Giron Herranz, Juan"]
[Black "Jubin Diez, Damien"]
[Result "1-0"]
[WhiteElo "1366"]
[BlackElo "1138"]
[PlyCount "81"]
[EventDate "2017.09.17"]
[EventType "swiss"]
[EventRounds "9"]
[EventCountry "ESP"]
[SourceTitle "Ajedrez en Madrid"]
[Source "lmi"]
[SourceDate "2017.09.17"]

1. e4 e6 2. d4 d5 3. Nc3 c5 4. Bb5+ Nc6 5. Nf3 Bd7 6. exd5 exd5 7. O-O a6 8.
Bxc6 Bxc6 9. Re1+ Be7 10. dxc5 Nf6 11. Ne5 O-O 12. Nxc6 bxc6 13. Be3 Rb8 14.
Rb1 Qa5 15. Qd3 Ng4 16. Re2 Nxe3 17. Rxe3 Bxc5 18. Rh3 h6 19. Qg3 Bd4 20. b3
Bxc3 21. Qxc3 Qxa2 22. Ra1 d4 23. Rxa2 dxc3 24. Rxa6 Ra8 25. Rxa8 Rxa8 26. Kf1
Re8 27. Rxc3 Re6 28. Re3 Rxe3 29. fxe3 Kf8 30. Ke2 Ke7 31. Kd3 Kd6 32. Ke4 c5
33. c3 g6 34. b4 f5+ 35. Kd3 Kd5 36. bxc5 Kxc5 37. c4 g5 38. e4 fxe4+ 39. Kxe4
Kxc4 40. Kf5 Kd5 41. h3 1-0

[Event "29. Torneo San Viator 2017 - Torneo B"]
[Site "Madrid ESP"]
[Date "2017.10.22"]
[Round "5.45"]
[White "Benitez Robles, Antonio"]
[Black "Moreno Gallardo, Sergio"]
[Result "0-1"]
[WhiteElo "1343"]
[BlackElo "1106"]
[PlyCount "74"]
[EventDate "2017.09.17"]
[EventType "swiss"]
[EventRounds "9"]
[EventCountry "ESP"]
[SourceTitle "Ajedrez en Madrid"]
[Source "lmi"]
[SourceDate "2017.09.17"]

1. c4 c6 2. Nc3 Nf6 3. Nf3 d5 4. cxd5 cxd5 5. d4 Nc6 6. Bg5 e6 7. e3 Be7 8. a3
Nd7 9. Bxe7 Nxe7 10. Bb5 Qb6 11. Ne5 a6 12. Bxd7+ Bxd7 13. Nxd7 Kxd7 14. b4
Rac8 15. Rc1 Rc4 16. O-O Rhc8 17. Qb3 Qc6 18. Ne2 Rxc1 19. Nxc1 Qxc1 20. g3 Qc2
21. Qb1 Qxb1 22. Rxb1 b6 23. h4 h5 24. Kg2 f5 25. Rb2 Ng8 26. Kf3 Ke7 27. Kf4
Kf6 28. a4 Nh6 29. Re2 Rc4 30. Rb2 Nf7 31. Kf3 e5 32. Ke2 exd4 33. exd4 Rxd4
34. f4 Nd6 35. Rb3 Ne4 36. Ke3 Rc4 37. Kf3 Nd2+ 0-1

[Event "29. Torneo San Viator 2017 - Torneo B"]
[Site "Madrid ESP"]
[Date "2017.10.22"]
[Round "5.46"]
[White "Rausell Tamayo, Estrella"]
[Black "Majer Nunez, Chistian"]
[Result "0-1"]
[WhiteElo "1264"]
[BlackElo "1166"]
[PlyCount "48"]
[EventDate "2017.09.17"]
[EventType "swiss"]
[EventRounds "9"]
[EventCountry "ESP"]
[SourceTitle "Ajedrez en Madrid"]
[Source "lmi"]
[SourceDate "2017.09.17"]

1. d4 d6 2. e4 d5 3. e5 f6 4. Nf3 Nc6 5. Nc3 Bg4 6. Bb5 Bxf3 7. Qxf3 e6 8. Bd2
a6 9. Bxc6+ bxc6 10. Qh3 Qd7 11. Na4 c5 12. Nxc5 Bxc5 13. dxc5 fxe5 14. O-O Nf6
15. Bc3 d4 16. Ba5 Nd5 17. Qg3 Nf4 18. Rfe1 Qd5 19. Qxg7 Rf8 20. Rxe5 Qc6 21.
Rae1 O-O-O 22. Bd2 Rg8 23. Rxe6 Nxe6 24. Rxe6 Qxe6 0-1

[Event "29. Torneo San Viator 2017 - Torneo B"]
[Site "Madrid ESP"]
[Date "2017.10.29"]
[Round "6.1"]
[White "San Felipe Gonzalez, Tomas"]
[Black "Merino Araguas, Jose Javier"]
[Result "1/2-1/2"]
[WhiteElo "1689"]
[BlackElo "1680"]
[PlyCount "50"]
[EventDate "2017.09.17"]
[EventType "swiss"]
[EventRounds "9"]
[EventCountry "ESP"]
[SourceTitle "Ajedrez en Madrid"]
[Source "lmi"]
[SourceDate "2017.09.17"]

1. d4 Nf6 2. c4 e6 3. Nf3 Bb4+ 4. Bd2 a5 5. Nc3 b6 6. e3 Bb7 7. Be2 O-O 8. O-O
d5 9. cxd5 exd5 10. Qc2 Nbd7 11. Rac1 Rc8 12. Bd3 c5 13. a3 Bxc3 14. Bxc3 c4
15. Bf5 Rc7 16. Rfe1 Re8 17. Ng5 g6 18. Bh3 h6 19. Nf3 Ne4 20. Bxd7 Qxd7 21.
Ne5 Qd6 22. f3 Nf6 23. Re2 Nd7 24. f4 Nf6 25. Be1 Bc8 1/2-1/2

[Event "29. Torneo San Viator 2017 - Torneo B"]
[Site "Madrid ESP"]
[Date "2017.10.29"]
[Round "6.2"]
[White "Alvarez Poves, Jesus"]
[Black "Navarro Gonzalez, Jaime"]
[Result "0-1"]
[WhiteElo "1598"]
[BlackElo "1748"]
[PlyCount "56"]
[EventDate "2017.09.17"]
[EventType "swiss"]
[EventRounds "9"]
[EventCountry "ESP"]
[SourceTitle "Ajedrez en Madrid"]
[Source "lmi"]
[SourceDate "2017.09.17"]

1. d4 Nf6 2. c4 c5 3. d5 e6 4. Nc3 exd5 5. cxd5 d6 6. e4 g6 7. h3 Bg7 8. Bd3
O-O 9. f4 Na6 10. Nf3 Nc7 11. O-O a6 12. a4 Bd7 13. Qe2 Re8 14. Re1 Nfxd5 15.
Nxd5 Nxd5 16. Ng5 Nb4 17. Bc4 d5 18. Bb3 c4 19. Bc2 Qc7 20. e5 d4 21. Bb1 d3
22. Qf2 f6 23. exf6 Bxf6 24. Be3 c3 25. Ra3 c2 26. Ba2+ Nxa2 27. Rxa2 Qc4 28.
Rea1 Rxe3 0-1

[Event "29. Torneo San Viator 2017 - Torneo B"]
[Site "Madrid ESP"]
[Date "2017.10.29"]
[Round "6.3"]
[White "Villanueva Ortega, Ruben"]
[Black "Castro Uceda, Jose Antonio"]
[Result "1/2-1/2"]
[WhiteElo "1744"]
[BlackElo "1636"]
[PlyCount "125"]
[EventDate "2017.09.17"]
[EventType "swiss"]
[EventRounds "9"]
[EventCountry "ESP"]
[SourceTitle "Ajedrez en Madrid"]
[Source "lmi"]
[SourceDate "2017.09.17"]

1. e4 c5 2. Nf3 d6 3. d4 cxd4 4. Nxd4 Nf6 5. Nc3 a6 6. Bg5 e6 7. f4 Be7 8. Qf3
O-O 9. Bc4 Qc7 10. Bb3 Nc6 11. Nxc6 bxc6 12. O-O-O d5 13. Bxf6 Bxf6 14. e5 Be7
15. g4 c5 16. Bxd5 exd5 17. Nxd5 Bb7 18. c4 Rab8 19. Qc3 Bxd5 20. cxd5 Rfd8 21.
d6 Bxd6 22. exd6 Rxd6 23. Rxd6 Qxd6 24. Qe5 Qxe5 25. fxe5 Rb4 26. Rd1 Kf8 27.
h3 Ke7 28. Rd6 a5 29. Rc6 Rc4+ 30. Kd2 Kd7 31. Ra6 a4 32. e6+ Ke7 33. exf7 Kxf7
34. Rc6 Ke7 35. b3 axb3 36. axb3 Kd7 37. Ra6 Rb4 38. Kc3 Rb7 39. Ra8 Kd6 40. g5
Re7 41. Rd8+ Rd7 42. Rh8 g6 43. Kc4 Rb7 44. Rd8+ Ke6 45. Rd3 Rf7 46. Rd5 Rf3
47. Rxc5 Rxh3 48. b4 Kd6 49. Kb5 Rb3 50. Rc6+ Kd7 51. Ra6 Rg3 52. Ra7+ Kd6 53.
Rxh7 Rxg5+ 54. Kb6 Rh5 55. Rg7 g5 56. b5 Ke5 57. Kc7 Kf4 58. b6 Rh1 59. b7 Rc1+
60. Kd6 Rb1 61. Rf7+ Kg3 62. Rf5 Rxb7 63. Rxg5+ 1/2-1/2

[Event "29. Torneo San Viator 2017 - Torneo B"]
[Site "Madrid ESP"]
[Date "2017.10.29"]
[Round "6.4"]
[White "Arias Cusio, Oscar"]
[Black "Aldea Moreno, Marina"]
[Result "1-0"]
[WhiteElo "1655"]
[BlackElo "1479"]
[PlyCount "59"]
[EventDate "2017.09.17"]
[EventType "swiss"]
[EventRounds "9"]
[EventCountry "ESP"]
[SourceTitle "Ajedrez en Madrid"]
[Source "lmi"]
[SourceDate "2017.09.17"]

1. e4 e5 2. Nf3 Nc6 3. Bb5 a6 4. Ba4 Nf6 5. d3 b5 6. Bb3 Be7 7. O-O O-O 8. a4
Bb7 9. Nc3 b4 10. Ne2 a5 11. Ng3 d5 12. exd5 Nxd5 13. Re1 f6 14. Nf5 Kh8 15.
N3h4 Nd4 16. Nxd4 exd4 17. Nf5 Bd6 18. Qg4 Rf7 19. Nxd4 Be5 20. Nf3 Bd6 21. Bd2
f5 22. Ng5 Rf6 23. Qh5 Qg8 24. Re6 g6 25. Qe2 Rxe6 26. Nxe6 Re8 27. Re1 Bf4 28.
Bxf4 Nxf4 29. Qe5+ Qg7 30. Qxg7# 1-0

[Event "29. Torneo San Viator 2017 - Torneo B"]
[Site "Madrid ESP"]
[Date "2017.10.29"]
[Round "6.5"]
[White "Gomez Logrosan, Cristian"]
[Black "Alameda Arellano, Cristeto"]
[Result "1/2-1/2"]
[WhiteElo "1638"]
[BlackElo "1577"]
[PlyCount "56"]
[EventDate "2017.09.17"]
[EventType "swiss"]
[EventRounds "9"]
[EventCountry "ESP"]
[SourceTitle "Ajedrez en Madrid"]
[Source "lmi"]
[SourceDate "2017.09.17"]

1. Nf3 d5 2. g3 Nf6 3. Bg2 Bf5 4. O-O h6 5. d3 e6 6. b3 Be7 7. Bb2 O-O 8. Nbd2
Nbd7 9. c4 c6 10. Rc1 a5 11. a3 Bh7 12. Re1 b5 13. Nd4 Qb6 14. cxd5 cxd5 15.
Nc6 Bc5 16. d4 Bd6 17. Nf3 Rac8 18. Nce5 Bxe5 19. Nxe5 Nxe5 20. dxe5 Ne4 21. e3
Nc5 22. Bd4 b4 23. a4 Rc7 24. e4 dxe4 25. Bxe4 Bxe4 26. Rxe4 Rfc8 27. Bxc5 Rxc5
28. Rxc5 Qxc5 1/2-1/2

[Event "29. Torneo San Viator 2017 - Torneo B"]
[Site "Madrid ESP"]
[Date "2017.10.29"]
[Round "6.7"]
[White "Perez Sempere, Alberto"]
[Black "Rendo Quindos, Pedro"]
[Result "1-0"]
[WhiteElo "1731"]
[BlackElo "1550"]
[PlyCount "39"]
[EventDate "2017.09.17"]
[EventType "swiss"]
[EventRounds "9"]
[EventCountry "ESP"]
[SourceTitle "Ajedrez en Madrid"]
[Source "lmi"]
[SourceDate "2017.09.17"]

1. e4 e5 2. Nf3 Nf6 3. Nxe5 d6 4. Nf3 Nxe4 5. Nc3 Nxc3 6. dxc3 Be7 7. Bf4 Bg4
8. Be2 Nc6 9. Qd2 Qd7 10. h3 Bf5 11. O-O-O O-O-O 12. Nd4 Nxd4 13. Qxd4 Kb8 14.
Bf3 g6 15. Qd5 c6 16. Qa5 Ka8 17. Be3 b6 18. Bxb6 Bg5+ 19. Kb1 Rb8 20. Bxc6+
1-0

[Event "29. Torneo San Viator 2017 - Torneo B"]
[Site "Madrid ESP"]
[Date "2017.10.29"]
[Round "6.8"]
[White "Salgado Duarte, Pablo"]
[Black "Mora Marin, Guillermo"]
[Result "1-0"]
[WhiteElo "1549"]
[BlackElo "1656"]
[PlyCount "136"]
[EventDate "2017.09.17"]
[EventType "swiss"]
[EventRounds "9"]
[EventCountry "ESP"]
[SourceTitle "Ajedrez en Madrid"]
[Source "lmi"]
[SourceDate "2017.09.17"]

1. d4 d5 2. c4 e6 3. Nc3 Nf6 4. Nf3 Bb4 5. Bd2 dxc4 6. e3 b6 7. Bxc4 Bb7 8. O-O
O-O 9. Bd3 Bd6 10. h3 c5 11. Be2 Nc6 12. Nb5 Be7 13. Nc3 cxd4 14. exd4 Nxd4 15.
Nxd4 Qxd4 16. Qe1 Rad8 17. Rd1 Qe5 18. a3 Bd6 19. f4 Bc5+ 20. Kh1 Qf5 21. Bf3
Ba6 22. Be2 Bd3 23. Bxd3 Rxd3 24. Qe2 Nd5 25. Ne4 Re3 26. Bxe3 Qxe4 27. Rxd5
exd5 28. Re1 Re8 29. Bxc5 Qxe2 30. Rxe2 Rxe2 31. Bd4 g6 32. Kg1 Kf8 33. Kf1 Rc2
34. Be5 Ke7 35. g3 Ke6 36. Ke1 Rg2 37. Bb8 Rxg3 38. f5+ Kxf5 39. Bxg3 a6 40.
Ke2 Ke4 41. h4 f5 42. Bf2 b5 43. b3 h6 44. Bc5 g5 45. hxg5 hxg5 46. Bf2 f4 47.
b4 g4 48. Bg1 g3 49. Kf1 f3 50. Bc5 Kd3 51. Bd6 g2+ 52. Kf2 d4 53. Bh2 Ke4 54.
Ke1 d3 55. Bg1 Kf4 56. Bf2 g1=Q+ 57. Bxg1 Kg3 58. Bf2+ Kg2 59. Bd4 d2+ 60. Kxd2
Kf1 61. Kc3 Ke2 62. Bb6 Kd1 63. Be3 Ke2 64. Kd4 Kd1 65. Kc5 Kc2 66. Kb6 Kb3 67.
Kxa6 Kxa3 68. Kxb5 Kb3 1-0

[Event "29. Torneo San Viator 2017 - Torneo B"]
[Site "Madrid ESP"]
[Date "2017.10.29"]
[Round "6.9"]
[White "Fernandez Garcia, Emiliano"]
[Black "Marcelo De La Mata, Daniel"]
[Result "1-0"]
[WhiteElo "1537"]
[BlackElo "1641"]
[PlyCount "60"]
[EventDate "2017.09.17"]
[EventType "swiss"]
[EventRounds "9"]
[EventCountry "ESP"]
[SourceTitle "Ajedrez en Madrid"]
[Source "lmi"]
[SourceDate "2017.09.17"]

1. d4 c5 2. c3 Nf6 3. Bf4 e6 4. e3 d5 5. Nf3 Bd6 6. Ne5 O-O 7. Be2 Nc6 8. Nd2
Bxe5 9. dxe5 Nd7 10. Nf3 Qc7 11. Bb5 c4 12. Bxc6 bxc6 13. Qc2 Nc5 14. O-O Nd3
15. Bg3 a5 16. Rab1 Bd7 17. b3 Rfb8 18. bxc4 dxc4 19. Rfd1 c5 20. Ne1 Rxb1 21.
Rxb1 Nxe1 22. Rxe1 Rb8 23. Rb1 Bc6 24. f4 a4 25. Bf2 Rxb1+ 26. Qxb1 Bb7 27. Qb5
Qc6 28. Qxc6 Bxc6 29. Kf1 Be4 30. Bh4 Kf8 1-0

[Event "29. Torneo San Viator 2017 - Torneo B"]
[Site "Madrid ESP"]
[Date "2017.10.29"]
[Round "6.10"]
[White "Martin Claudio, Andres"]
[Black "Lopez Nunez, Alonso"]
[Result "0-1"]
[WhiteElo "1633"]
[BlackElo "1549"]
[PlyCount "96"]
[EventDate "2017.09.17"]
[EventType "swiss"]
[EventRounds "9"]
[EventCountry "ESP"]
[SourceTitle "Ajedrez en Madrid"]
[Source "lmi"]
[SourceDate "2017.09.17"]

1. d4 Nf6 2. c4 e6 3. Nf3 Bb4+ 4. Bd2 a5 5. Nc3 b6 6. g3 Bb7 7. Bg2 d6 8. O-O
Qe7 9. Qc2 O-O 10. Bg5 Bxc3 11. Qxc3 Nbd7 12. Rfe1 h6 13. Bxf6 Nxf6 14. Nd2
Bxg2 15. Kxg2 e5 16. e4 Nd7 17. d5 f5 18. exf5 Rxf5 19. Qc2 Raf8 20. Ne4 Qf7
21. Re2 h5 22. h4 Qg6 23. Ng5 Nc5 24. Rd1 Qf6 25. a3 a4 26. Rf1 Qg6 27. Ne4 Nb3
28. Re3 Rf4 29. Qd3 Rg4 30. Kh2 Rxe4 31. Rxe4 Nc5 32. Qc2 Qxe4 33. Qxe4 Nxe4
34. Kg2 Nd2 35. Rc1 Ne4 36. Rc2 Nc5 37. f3 Nd3 38. Re2 g6 39. f4 Rxf4 40. gxf4
Nxf4+ 41. Kf3 Nxe2 42. Kxe2 Kf7 43. Ke3 Kf6 44. Ke4 g5 45. hxg5+ Kxg5 46. c5 h4
47. cxd6 cxd6 48. Kf3 Kf5 0-1

[Event "29. Torneo San Viator 2017 - Torneo B"]
[Site "Madrid ESP"]
[Date "2017.10.29"]
[Round "6.11"]
[White "Amador Andujar, Alfredo"]
[Black "Lavayen Torres, Leonardo"]
[Result "1-0"]
[WhiteElo "1610"]
[BlackElo "1342"]
[PlyCount "79"]
[EventDate "2017.09.17"]
[EventType "swiss"]
[EventRounds "9"]
[EventCountry "ESP"]
[SourceTitle "Ajedrez en Madrid"]
[Source "lmi"]
[SourceDate "2017.09.17"]

1. e4 e6 2. d4 d5 3. e5 c5 4. c3 Nc6 5. Nf3 Qb6 6. a3 Bd7 7. b4 cxd4 8. cxd4
Rc8 9. Be2 Nge7 10. Bb2 Nf5 11. g4 Nh6 12. h3 Be7 13. Nc3 O-O 14. Qd2 a5 15.
Na4 Qd8 16. Nc5 axb4 17. axb4 b6 18. Nd3 Ra8 19. O-O Rxa1 20. Rxa1 f6 21. Bc3
fxe5 22. Ndxe5 Nxe5 23. Nxe5 Nf7 24. Nxd7 Qxd7 25. Ra6 Ng5 26. Qd3 Ne4 27. Be1
Bh4 28. Bf1 Qf7 29. Ra3 Ng5 30. Bg2 Qc7 31. Rc3 Qd6 32. Qb1 e5 33. dxe5 Qxe5
34. Re3 Qf4 35. Bxd5+ Kh8 36. Qc2 Qxe3 37. fxe3 Bxe1 38. Qc4 Bh4 39. Qc6 Bf2+
40. Kh1 1-0

[Event "29. Torneo San Viator 2017 - Torneo B"]
[Site "Madrid ESP"]
[Date "2017.10.29"]
[Round "6.12"]
[White "Periotto Miori, Caterina"]
[Black "Fernandez Garcia, Emilio"]
[Result "1/2-1/2"]
[WhiteElo "1250"]
[BlackElo "1579"]
[PlyCount "53"]
[EventDate "2017.09.17"]
[EventType "swiss"]
[EventRounds "9"]
[EventCountry "ESP"]
[SourceTitle "Ajedrez en Madrid"]
[Source "lmi"]
[SourceDate "2017.09.17"]

1. Nf3 d5 2. d4 Nf6 3. c4 e6 4. Nc3 Be7 5. Bg5 h6 6. Bh4 O-O 7. e3 c6 8. Rc1
Nbd7 9. Bd3 dxc4 10. Bxc4 b5 11. Bd3 Bb7 12. O-O a6 13. Qe2 c5 14. a3 c4 15.
Bb1 Nd5 16. Bg3 Nxc3 17. Rxc3 Nf6 18. Nd2 Qd5 19. Qf3 Qxf3 20. Nxf3 Ne4 21.
Rcc1 Rac8 22. Bxe4 Bxe4 23. Rfd1 Rfd8 24. Rc3 b4 25. axb4 Bxb4 26. Rcc1 Bxf3
27. gxf3 1/2-1/2

[Event "29. Torneo San Viator 2017 - Torneo B"]
[Site "Madrid ESP"]
[Date "2017.10.29"]
[Round "6.13"]
[White "Bustos Bernardo, Diego"]
[Black "Urbelz Perez, Ignacio"]
[Result "1-0"]
[WhiteElo "1730"]
[BlackElo "1517"]
[PlyCount "75"]
[EventDate "2017.09.17"]
[EventType "swiss"]
[EventRounds "9"]
[EventCountry "ESP"]
[SourceTitle "Ajedrez en Madrid"]
[Source "lmi"]
[SourceDate "2017.09.17"]

1. Nf3 e6 2. c4 Nf6 3. Nc3 Bb4 4. Qc2 O-O 5. a3 Bxc3 6. Qxc3 b6 7. d4 Ne4 8.
Qc2 Bb7 9. g3 c5 10. Bg2 d5 11. O-O Nd7 12. Rd1 Rc8 13. Bf4 Qe7 14. Qa4 a6 15.
cxd5 Bxd5 16. Qxa6 c4 17. Nd2 Ra8 18. Qb5 Ra5 19. Qb4 Qxb4 20. axb4 Rxa1 21.
Rxa1 Nxd2 22. Bxd2 Bxg2 23. Kxg2 b5 24. Ra7 Nf6 25. Rb7 Ne4 26. Bc3 Nd6 27. Rd7
Ne4 28. f3 Nxc3 29. bxc3 Rb8 30. d5 exd5 31. Rxd5 Kf8 32. Kf2 Ke7 33. Ke3 Ke6
34. Kd4 g6 35. e4 f5 36. exf5+ gxf5 37. f4 Kf6 38. Kc5 1-0

[Event "29. Torneo San Viator 2017 - Torneo B"]
[Site "Madrid ESP"]
[Date "2017.10.29"]
[Round "6.14"]
[White "Cujba, Anca-Claudia"]
[Black "Gallego Romero, Manuel"]
[Result "1/2-1/2"]
[WhiteElo "1664"]
[BlackElo "1475"]
[PlyCount "108"]
[EventDate "2017.09.17"]
[EventType "swiss"]
[EventRounds "9"]
[EventCountry "ESP"]
[SourceTitle "Ajedrez en Madrid"]
[Source "lmi"]
[SourceDate "2017.09.17"]

1. e4 e5 2. Nf3 Nc6 3. Nc3 Nf6 4. g3 d6 5. Bg2 h6 6. h3 Be6 7. d3 Nd4 8. Nxd4
exd4 9. Ne2 c5 10. O-O Be7 11. f4 Qc7 12. Bd2 O-O 13. g4 Nh7 14. Qe1 Rab8 15.
Rf3 Bf6 16. f5 Bd7 17. Nf4 Bc6 18. h4 Qd8 19. Rh3 Re8 20. Nh5 d5 21. Nxf6+ Nxf6
22. g5 Ng4 23. Qg3 h5 24. Re1 dxe4 25. dxe4 Qb6 26. Qb3 Qxb3 27. axb3 b6 28. g6
fxg6 29. fxg6 Re6 30. Rg3 Rxg6 31. Bg5 Re8 32. Bf3 Rge6 33. Bxg4 hxg4 34. Rxg4
Rxe4 35. Rgxe4 Rxe4 36. Ra1 a5 37. Bd8 Rg4+ 38. Kf1 Be4 39. Bxb6 Rxh4 40. Rxa5
Bxc2 41. Rxc5 d3 42. Ke1 Rb4 43. Ba5 Rxb3 44. Bc3 Rb8 45. Re5 Ra8 46. Re7 Kf8
47. Rxg7 Re8+ 48. Kd2 Re2+ 49. Kc1 Re1+ 50. Kd2 Rd1+ 51. Ke3 Rf1 52. Rb7 Ke8
53. b4 Rb1 54. Bd2 Kd8 1/2-1/2

[Event "29. Torneo San Viator 2017 - Torneo B"]
[Site "Madrid ESP"]
[Date "2017.10.29"]
[Round "6.15"]
[White "Del Noval Nemeshazi, Mario"]
[Black "Ramos Antona, Enrique"]
[Result "1-0"]
[WhiteElo "1416"]
[BlackElo "1650"]
[PlyCount "85"]
[EventDate "2017.09.17"]
[EventType "swiss"]
[EventRounds "9"]
[EventCountry "ESP"]
[SourceTitle "Ajedrez en Madrid"]
[Source "lmi"]
[SourceDate "2017.09.17"]

1. e4 e5 2. Nf3 Nc6 3. Nc3 Nf6 4. d4 exd4 5. Nxd4 Bb4 6. f3 O-O 7. Be3 Ne5 8.
Qd2 d5 9. a3 Bxc3 10. Qxc3 dxe4 11. O-O-O Qe7 12. Bf4 Nd5 13. Qd2 Nxf4 14. Qxf4
exf3 15. Re1 Re8 16. Nxf3 f6 17. Re3 Qc5 18. Bc4+ Qxc4 19. Qxc4+ Nxc4 20. Rxe8+
Kf7 21. Rhe1 Nd6 22. R1e7+ Kg6 23. Rg8 Nf5 24. Rxc7 Nd6 25. Rcxg7+ Kf5 26. Rxh7
b6 27. Rhh8 a5 28. h4 Ra7 29. h5 Be6 30. Nd4+ Ke5 31. Nxe6 Kxe6 32. h6 Nf7 33.
Rh7 Rd7 34. Rhg7 Nxh6 35. Rxd7 Kxd7 36. Rg6 Nf7 37. Rxf6 Nd6 38. g4 Ke7 39.
Rxd6 Kxd6 40. Kd2 Ke5 41. Kd3 Kf4 42. Kc4 Kxg4 43. Kb5 1-0

[Event "29. Torneo San Viator 2017 - Torneo B"]
[Site "Madrid ESP"]
[Date "2017.10.29"]
[Round "6.16"]
[White "Mateos Cordero, Francisco"]
[Black "Garcia Rojas, Juan Carlos"]
[Result "1/2-1/2"]
[WhiteElo "1618"]
[BlackElo "1470"]
[PlyCount "67"]
[EventDate "2017.09.17"]
[EventType "swiss"]
[EventRounds "9"]
[EventCountry "ESP"]
[SourceTitle "Ajedrez en Madrid"]
[Source "lmi"]
[SourceDate "2017.09.17"]

1. d4 d5 2. Nf3 e6 3. e3 Nf6 4. Nbd2 Bd6 5. c4 c6 6. Be2 b6 7. cxd5 cxd5 8. O-O
O-O 9. a3 Bb7 10. b4 a6 11. Bb2 b5 12. Rc1 Nc6 13. Nb3 Rc8 14. Nc5 Bxc5 15.
dxc5 Re8 16. Qc2 e5 17. Qf5 g6 18. Qh3 Qd7 19. Qh6 Qg4 20. Nd4 Qd7 21. Nf3 Qg4
22. Nd4 Qd7 23. Nxc6 Qxc6 24. Qg5 Ne4 25. Qh6 Re6 26. f4 g5 27. Qh3 exf4 28.
exf4 Rce8 29. Bd3 Bc8 30. Qh5 Rh6 31. Qd1 g4 32. f5 Qc7 33. Qxg4+ Rg6 34. Qh5
1/2-1/2

[Event "29. Torneo San Viator 2017 - Torneo B"]
[Site "Madrid ESP"]
[Date "2017.10.29"]
[Round "6.17"]
[White "Del Alamo Fajardo, Fernando"]
[Black "Alcojor Patilla, Antonio"]
[Result "0-1"]
[WhiteElo "1383"]
[BlackElo "1618"]
[PlyCount "108"]
[EventDate "2017.09.17"]
[EventType "swiss"]
[EventRounds "9"]
[EventCountry "ESP"]
[SourceTitle "Ajedrez en Madrid"]
[Source "lmi"]
[SourceDate "2017.09.17"]

1. e4 d6 2. d4 Nf6 3. Bd3 g6 4. c4 Bg7 5. Ne2 O-O 6. O-O c5 7. Nbc3 Nc6 8. d5
Ne5 9. Bf4 Nfd7 10. Qd2 Nxd3 11. Qxd3 Ne5 12. Bxe5 Bxe5 13. f4 Bg7 14. Ng3 Qb6
15. Rab1 Qb4 16. Rfc1 Bd7 17. b3 Bh6 18. Nce2 b5 19. Qc3 Qa3 20. Qb2 Qa6 21.
Rc2 Bg7 22. Qc1 h5 23. Rd2 h4 24. Nf1 f5 25. exf5 Bxf5 26. Ne3 Bxb1 27. Qxb1
Kh7 28. Qe4 Bf6 29. f5 g5 30. Ng4 Rae8 31. Qf3 Qb7 32. Nxf6+ exf6 33. Qh5+ Kg8
34. Qg6+ Qg7 35. Qxg7+ Kxg7 36. cxb5 Re5 37. a4 Rb8 38. Nc3 Rxf5 39. Ne4 Re8
40. Re2 Rfe5 41. a5 Rxe4 42. Rxe4 Rxe4 43. b6 axb6 44. axb6 Rb4 45. b7 Rxb7 46.
Kf2 Rxb3 47. g3 hxg3+ 48. hxg3 Kg6 49. Kg2 Kf5 50. Kf2 Kg4 51. Kg2 Rb2+ 52. Kg1
Kf3 53. Kh1 Kxg3 54. Kg1 Rb1# 0-1

[Event "29. Torneo San Viator 2017 - Torneo B"]
[Site "Madrid ESP"]
[Date "2017.10.29"]
[Round "6.18"]
[White "Comeron Galan, Daniel"]
[Black "Ramirez Nebot, Eneas"]
[Result "1-0"]
[WhiteElo "1576"]
[BlackElo "1097"]
[PlyCount "53"]
[EventDate "2017.09.17"]
[EventType "swiss"]
[EventRounds "9"]
[EventCountry "ESP"]
[SourceTitle "Ajedrez en Madrid"]
[Source "lmi"]
[SourceDate "2017.09.17"]

1. d4 c6 2. Bf4 Nf6 3. e3 d5 4. c4 Bg4 5. Qb3 b6 6. Nc3 e6 7. h3 Bh5 8. Be2
Bxe2 9. Ngxe2 Be7 10. O-O O-O 11. Rac1 c5 12. dxc5 bxc5 13. Rfd1 Nbd7 14. cxd5
Rb8 15. Bxb8 Qxb8 16. Qxb8 Rxb8 17. dxe6 fxe6 18. b3 a5 19. Nf4 Rb6 20. Na4 Rc6
21. g4 g5 22. Nh5 Rc7 23. Nxf6+ Bxf6 24. Rd6 Nf8 25. Rxc5 Rxc5 26. Nxc5 Be7 27.
Rc6 1-0

[Event "29. Torneo San Viator 2017 - Torneo B"]
[Site "Madrid ESP"]
[Date "2017.10.29"]
[Round "6.19"]
[White "Haering Hijon, Javier"]
[Black "Barragan Sanchez, Enrique"]
[Result "1-0"]
[WhiteElo "1344"]
[BlackElo "1536"]
[PlyCount "101"]
[EventDate "2017.09.17"]
[EventType "swiss"]
[EventRounds "9"]
[EventCountry "ESP"]
[SourceTitle "Ajedrez en Madrid"]
[Source "lmi"]
[SourceDate "2017.09.17"]

1. e4 c5 2. Nf3 d6 3. Bb5+ Bd7 4. Bxd7+ Qxd7 5. c4 Nc6 6. d4 cxd4 7. Nxd4 Nf6
8. Nc3 g6 9. f3 Bg7 10. Be3 Rc8 11. O-O O-O 12. Qd3 Ne5 13. Qe2 Nxc4 14. Bf2 a6
15. a4 Qc7 16. Rac1 Qa5 17. b3 Nb6 18. Qe3 Nfd7 19. Rfd1 Rc7 20. Be1 Qh5 21. a5
Na8 22. Nd5 Rxc1 23. Rxc1 e5 24. Ne2 Re8 25. Bb4 Bh6 26. f4 exf4 27. Nexf4 Qxd5
28. Nxd5 Bxe3+ 29. Nxe3 Rxe4 30. Rc8+ Kg7 31. Nd5 Nc5 32. Bxc5 dxc5 33. Rxa8
Re1+ 34. Kf2 Rb1 35. b4 cxb4 36. Rb8 Ra1 37. Rxb7 Rxa5 38. Nxb4 Rf5+ 39. Ke3 a5
40. Nc6 Rc5 41. Nd8 Rc8 42. Nxf7 Kg8 43. Nh6+ Kh8 44. Ra7 Rc5 45. Nf7+ Kg8 46.
Nd6 Rc3+ 47. Kd4 Ra3 48. Ne4 Ra4+ 49. Ke5 Ra1 50. Nf6+ Kh8 51. Rxh7# 1-0

[Event "29. Torneo San Viator 2017 - Torneo B"]
[Site "Madrid ESP"]
[Date "2017.10.29"]
[Round "6.20"]
[White "Prieto Gonzalez, Cesar"]
[Black "Rivera Rodriguez, Luis Fernando"]
[Result "1/2-1/2"]
[WhiteElo "1535"]
[BlackElo "1458"]
[PlyCount "123"]
[EventDate "2017.09.17"]
[EventType "swiss"]
[EventRounds "9"]
[EventCountry "ESP"]
[SourceTitle "Ajedrez en Madrid"]
[Source "lmi"]
[SourceDate "2017.09.17"]

1. e4 e5 2. Nf3 Nc6 3. Bb5 a6 4. Ba4 Bc5 5. O-O b5 6. Bb3 Nf6 7. d3 d6 8. c3
O-O 9. Re1 Be6 10. Bg5 h6 11. Bh4 Qe7 12. Nbd2 Bb6 13. Nf1 Rfe8 14. Ne3 Bxe3
15. fxe3 Qd8 16. Rf1 Rf8 17. Bxf6 Bxb3 18. Bxd8 Bxd1 19. Bxc7 Be2 20. Rf2 Bxd3
21. Bxd6 Rfe8 22. Nd2 Rad8 23. Ba3 Rd7 24. Nb3 Rdd8 25. Nc5 a5 26. b3 b4 27.
Bb2 bxc3 28. Bxc3 Nb4 29. Rd2 Bb5 30. Bxb4 axb4 31. Rad1 Ra8 32. Rc2 Kf8 33.
Rdd2 Rac8 34. Kf2 Ke7 35. Ke1 Rc7 36. Na4 Rxc2 37. Rxc2 Bxa4 38. bxa4 Ra8 39.
Rc7+ Kf8 40. Rc5 f6 41. a5 Ra7 42. Kd2 Ke7 43. Kd3 Rd7+ 44. Rd5 Rc7 45. Kd2 Rc3
46. Rd3 Rc4 47. Rb3 Kd7 48. Kd3 Rc5 49. Rxb4 Rxa5 50. Rb7+ Ke6 51. Rxg7 Rxa2
52. Rg6 Kf7 53. Rg3 h5 54. h4 Rb2 55. Kc3 Ra2 56. Kd3 Rb2 57. Kc4 Rc2+ 58. Kd3
Ra2 59. Kc3 Re2 60. Kd3 Rb2 61. Kc3 Ra2 62. Kd3 1/2-1/2